| 000 | 00675nam a2200205 i 4500 | ||
|---|---|---|---|
| 001 | 51349 | ||
| 003 | ES-MaACL | ||
| 005 | 20250820135632.0 | ||
| 007 | t| | ||
| 008 | 030812s1963 sp ||||1| cat d | ||
| 100 | 1 |
_aCharpentreau, Jacques. _938115 |
|
| 245 | 1 | 0 |
_aGeorges Brassens i la poesía quotidiana de la cançó / _cJacques Charpentreau ; [traducida por Josep Mª Espinàs]. |
| 260 |
_aBarcelona : _bNova Terra, _c[1963] |
||
| 300 |
_a110 p. ; _c17 cm. |
||
| 490 | 1 |
_aCollecció Sintesi ; _v3 |
|
| 700 | 1 |
_aEspinàs, Josep M., _d1927- _947850 |
|
| 830 | 0 |
_aCollecció Sintesi ; _v3 _9187239 |
|
| 852 |
_aES-MaACL _jC-26494 _bR.55144 |
||
| 999 |
_c51349 _d51349 |
||